000 00802nam a2200205 a 4500
003 0
005 20250321110726.0
008 060801s19uu xx 00 eng d
050 _aPGS SB 324.3.O74.A47
_b.K49 2006
100 _a Kim, Min Jin.
245 _aThe effects of varying the amount of homemade organic fertilizer on the growth of ampalaya (Momordica charantia) plant /
_cMin Jin Kim.
260 _aLas Piñas City, Philippines :
_bSouthville International School and Colleges,
_c2006.
300 _a23 pages :
_billustrations ;
_c28 cm.
504 _aIncludes bibliographical references.
650 _aOrganic fertilizers
650 _aPlant growth.
650 _aMomordica charantia—
_vGrowth Soil fertility
650 _aFertilizers—Environmental aspects.
942 _2lcc
_cPASS
999 _c97502
_d97502